000
00339nam a22001457a 4500
008
221014b ||||| |||| 00| 0 eng d
020
_a
2900495554768
041
_a
eng
080
_2
3E
_a
612.39
082
_a
612.39 NEL
100
_a
16.2
101
_a
NUTRI
245
_a
MEDICAL NUTRITION THERAPY
_c
NELMS NAHIKIAN M
942
_2
udc
_c
BK
999
_c
58570
_d
58570